|
|
|
|
| LEADER |
00000nam a22000007a 4500 |
| 005 |
20170925224821.0 |
| 007 |
cr|||| |||| |
| 008 |
170925s2017 mx |||||s||||f00||0 spa d |
| 035 |
|
|
|a 20602
|
| 040 |
|
|
|a vLex
|
| 090 |
|
|
|c 7001
|d 7001
|
| 245 |
0 |
0 |
|a Memoria. Presentacin̤ de la campaą "Tu cuerpo no tiene precio"
|h [Recurso electrn̤ico] /
|
| 256 |
|
|
|a Servicio en ln̕ea
|
| 260 |
|
|
|a Ciudad de Mx̌ico:
|b Cm̀ara de Diputados,
|c 2017
|
| 300 |
|
|
|a 1 recurso electrn̤ico
|
| 506 |
1 |
|
|a Disponible solo en los productos indicados
|d vLex Global
|d vLex Global (Academic Edition, excluding Law Schools)
|d vLex Global (U.S. Academic Edition, Law Schools)
|d vLex Global (U.S. Academic Edition, excluding Law Schools)
|d vLex Global (Academic Edition, Law Schools)
|
| 650 |
0 |
4 |
|a Derecho Civil
|z Mx̌ico
|
| 650 |
0 |
4 |
|a Derecho Penal
|z Mx̌ico
|
| 650 |
0 |
4 |
|a Derecho Constitucional
|z Mx̌ico
|
| 740 |
0 |
|
|a vLex Libros (Servicio en ln̕ea)
|
| 856 |
4 |
0 |
|u http://vlex.com/source/memoria-presentacion-de-la-campa-a-tu-cuerpo-no-tiene-precio--20602
|z Acceso restringido
|
| 942 |
|
|
|c BOOK
|
| 999 |
0 |
|
|a Civil Law
|
| 999 |
0 |
|
|a Criminal Law
|
| 999 |
0 |
|
|a Constitutional Law
|